00499nam a2200193Ia 4500008004100000020001800041050001400059100002900073245002400102245006200126260001500188260001600203260000900219300001400228300002700242300001000269440001800279500000800297170918s9999 xx 000 0 und d a9780590441858 bL672 1992 aLewinson, Wendy Cheyette aBuzz said the bee / cby Wendy Cheyette Lewinson ; illustrated by Hans Wilhelm. aNew York : bScholastic, c1992 aunpaged : bcolored illustration ; c22cm. aHello Reader. a410